000 00874nam a2200205Ia 4500
999 _c55233
_d55233
001 22309
003 GE_BSU
005 20250807164306.0
008 181216s2017||||ge |||||||||||||| ||geo||
040 _cGE_BSU
041 _ageo
080 _a28-24 ყ-92
245 _aყურანის ქართული მნიშვნელობა ახსნილობითი თარგმანით /
_cმთარგმნ. შოთა (ახმედ) გაბაიძე.
264 _aბათუმი :
_bშპს "პოლიგრაფ 2010,
_c2017.
300 _a708 გვ. ;
_c29 სმ.
541 _h25 ლ.
653 _aრელიგია, ისლამი
653 _aყურანის ქართული მნიშვნელობა ახსნილობითი თარგმანით
942 _cBK
_2udc